[Event "Holguin Regional-ch sf"]
[Site "Holguin"]
[Date "2023.10.12"]
[Round "3"]
[White "Gonzalez Pupo, Daniel"]
[Black "Quevedo Puron, Noryan"]
[Result "1/2-1/2"]
[WhiteElo "2067"]
[BlackElo "1902"]
[PlyCount "83"]
[EventDate "2023.10.11"]
[EventType "swiss"]
[EventRounds "7"]
[EventCountry "CUB"]
[SourceTitle "Mega2024 Update 01"]
[Source "Chessbase"]
[SourceDate "2023.11.12"]
[SourceVersion "1"]
[SourceVersionDate "2023.11.12"]
[SourceQuality "1"]

1. d4 Nf6 2. c4 g6 3. Nc3 d5 4. cxd5 Nxd5 5. Bd2 Bg7 6. e4 Nxc3 7. Bxc3 0-0 8. Nf3 c5 9. d5 Bg4 10. Qc2 Bxf3 11. gxf3 Bxc3+ 12. Qxc3 Nd7 13. h4 Qb6 14. h5 Qb4 15. Qxb4 cxb4 16. Rc1 Rac8 17. Kd2 Rxc1 18. Kxc1 Nf6 19. hxg6 fxg6 20. Kd2 Nh5 21. Ke3 Rc8 22. Bd3 Kg7 23. e5 Rc5 24. Be4 b6 25. f4 Ra5 26. Ra1 Kf7 27. a4 b5 28. Bc2 Ng7 29. b3 bxa4 30. bxa4 Rc5 31. Be4 a5 32. Rh1 h5 33. Rg1 Nf5+ 34. Bxf5 gxf5 35. Rg5 Rxd5 36. Rxh5 e6 37. Rh7+ Ke8 38. Rh6 Kd7 39. Rh7+ Kd8 40. Rh6 Ke7 41. Rh7+ Kd8 42. Rh6 1/2-1/2

[Event "Holguin Regional-ch sf"]
[Site "Holguin"]
[Date "2023.10.12"]
[Round "2"]
[White "Quevedo Puron, Noryan"]
[Black "Leyva Almaguer, Orlando"]
[Result "0-1"]
[WhiteElo "1902"]
[BlackElo "2120"]
[PlyCount "98"]
[EventDate "2023.10.11"]
[EventType "swiss"]
[EventRounds "7"]
[EventCountry "CUB"]
[SourceTitle "Mega2024 Update 01"]
[Source "Chessbase"]
[SourceDate "2023.11.12"]
[SourceVersion "1"]
[SourceVersionDate "2023.11.12"]
[SourceQuality "1"]

1. e4 c5 2. Nf3 Nc6 3. d4 cxd4 4. Nxd4 Nf6 5. Nc3 e5 6. Ndb5 d6 7. Bg5 a6 8. Bxf6 gxf6 9. Na3 b5 10. Nd5 Bg7 11. Bd3 Ne7 12. Nxe7 Qxe7 13. 0-0 0-0 14. Qh5 f5 15. exf5 e4 16. Rae1 d5 17. f6 Qxf6 18. Qxd5 exd3 19. Qxa8 Qxb2 20. Nxb5 Qxb5 21. Rb1 Be6 22. Qa7 Qd5 23. cxd3 Qxd3 24. Rfd1 Qc4 25. a3 Qa4 26. Qe7 Bf5 27. Rbc1 Bb2 28. Rd8 Rxd8 29. Qxd8+ Kg7 30. Re1 Qxa3 31. g4 Bg6 32. Re8 h6 33. Rh8 Qd3 34. Qf8+ Kf6 35. Rxh6 Qd1+ 36. Kg2 Qxg4+ 37. Kf1 Qc4+ 38. Kg2 Qd5+ 39. Kf1 Kg5 40. h4+ Kg4 41. Qc8+ Qf5 42. Qc4+ Kh3 43. Ke1 Qa5+ 44. Kd1 Qc3 45. Qxc3+ Bxc3 46. h5 Bg7 47. hxg6+ Bxh6 48. gxf7 a5 49. Kc2 a4 0-1

[Event "Holguin Regional-ch sf"]
[Site "Holguin"]
[Date "2023.10.11"]
[Round "1"]
[White "Sanchez Suarez, Miguel Gelasio"]
[Black "Quevedo Puron, Noryan"]
[Result "0-1"]
[WhiteElo "2154"]
[BlackElo "1902"]
[PlyCount "108"]
[EventDate "2023.10.11"]
[EventType "swiss"]
[EventRounds "7"]
[EventCountry "CUB"]
[SourceTitle "Mega2024 Update 01"]
[Source "Chessbase"]
[SourceDate "2023.11.12"]
[SourceVersion "1"]
[SourceVersionDate "2023.11.12"]
[SourceQuality "1"]

1. Nf3 Nf6 2. g3 d5 3. Bg2 Nbd7 4. 0-0 g6 5. b3 Bg7 6. Bb2 0-0 7. d4 a5 8. Ne5 c6 9. c4 e6 10. Nxd7 Bxd7 11. Nd2 a4 12. Qc2 b5 13. Rad1 Qb6 14. e4 axb3 15. axb3 bxc4 16. e5 cxb3 17. Nxb3 Ng4 18. Nc5 Rfd8 19. Bc3 Bc8 20. Ra1 Rxa1 21. Rxa1 Re8 22. Ra8 Qc7 23. Qa4 Bf8 24. Ba5 Qe7 25. f4 Ne3 26. Bd2 Nc4 27. Ne4 Nb6 28. Qxc6 Bd7 29. Nf6+ Qxf6 30. Qxb6 Qf5 31. Ra7 Qd3 32. Qb2 Bb5 33. Ra1 Rc8 34. Bf1 Rc2 35. Bxd3 Rxb2 36. Bxb5 Rxd2 37. Ra7 Rxd4 38. Be8 Bc5 39. Rc7 Bb6 40. Rb7 Kf8 41. Bc6 Rb4+ 42. Kg2 Bc5 43. Rc7 Rb2+ 44. Kf3 h5 45. g4 h4 46. g5 Rxh2 47. Bxd5 Bf2 48. Bb7 Bg3 49. Kg4 Rf2 50. Rc8+ Kg7 51. Rc4 Rb2 52. Bf3 Rb3 53. Rc1 Rb4 54. Bc6 Bxf4 0-1